[Event "40.C.to Italiano di Cat.Mag. Semif."]
[Site "Napoli ITA"]
[Date "1981.12.08"]
[Round "4.6"]
[White "Blasco, Domenico"]
[Black "Vallifuoco, Giovanni"]
[Result "0-1"]
[WhiteElo "1939"]
[BlackElo "2106"]
[Annotator "Gabriele Ballarin"]
[PlyCount "87"]
[EventDate "1981.12.05"]
[EventType "swiss"]
[EventRounds "2"]
[EventCountry "ITA"]

1. e3 d5 2. f4 g6 3. Nf3 Bg7 4. Nc3 Nf6 5. Bd3 c5 6. O-O O-O 7. Rb1 Nc6 8. b3 Bg4 9. h3 Bxf3 10. Qxf3 e5 11. fxe5 Nxe5 12. Qf2 Nxd3 13. cxd3 d4 14. Ne4 Nxe4 15. dxe4 dxe3 16. dxe3 Qe7 17. Ba3 b6 18. Qc2 Rae8 19. b4 Qxe4 20. Qxe4 Rxe4 21. bxc5 Rxe3 22. Bb2 bxc5 23. Bxg7 Kxg7 24. Rb7 Ra3 25. Rf2 c4 26. Rc7 c3 27. Kh2 g5 28. Kg1 Kg6 29. Rc6+ f6 30. Kh2 h5 31. g3 Kg7 32. g4 hxg4 33. hxg4 Rf7 34. Rc2 Rd7 35. Rf2 Rd2 36. Rcxf6 Rxf2+ 37. Rxf2 Ra4 38. Kg3 Rc4 39. Rc2 Kf6 40. Kf3 Ke5 41. Rc1 c2 42. Ke3 Rc7 43. a3 Rc8 44. a4 0-1

[Event "40.C.to Italiano di Cat.Mag. Semif."]
[Site "Napoli ITA"]
[Date "1981.12.08"]
[Round "4.8"]
[White "Crispino, Giuseppe"]
[Black "Favale, Paolo"]
[Result "1-0"]
[WhiteElo "2076"]
[BlackElo "1900"]
[Annotator "Gabriele Ballarin"]
[PlyCount "93"]
[EventDate "1981.12.05"]
[EventType "swiss"]
[EventRounds "2"]
[EventCountry "ITA"]

1. d4 Nf6 2. c4 g6 3. Nc3 d5 4. cxd5 Nxd5 5. e4 Nxc3 6. bxc3 Bg7 7. Nf3 c5 8. Be3 Qa5 9. Qd2 Nc6 10. Rc1 Bg4 11. d5 Bxf3 12. gxf3 O-O-O 13. Bh3+ Kb8 14. O-O e6 15. Bg5 Qc7 16. Bxd8 Qxd8 17. Qf4+ Be5 18. Qxf7 Qg5+ 19. Bg2 exd5 20. exd5 Ne7 21. Rce1 Bd6 22. f4 Qh4 23. Re6 Rd8 24. Rfe1 Nc8 25. Qf6 Qxf6 26. Rxf6 b5 27. Bh3 Nb6 28. Ree6 Nc4 29. Bf1 Kc7 30. Rf7+ Kb6 31. Bxc4 bxc4 32. Rxh7 Kb5 33. Rb7+ Ka6 34. Rf7 Kb5 35. Rxg6 a5 36. Rb7+ Ka4 37. f5 Bf8 38. Rg4 Rxd5 39. Rb3 Rd4 40. cxd4 cxb3 41. dxc5+ Ka3 42. axb3 Kxb3 43. c6 Bd6 44. f6 a4 45. f7 a3 46. Rg3+ Bxg3 47. f8=Q 1-0

[Event "40.C.to Italiano di Cat.Mag. Semif."]
[Site "Napoli ITA"]
[Date "1981.12.09"]
[Round "5.1"]
[White "Cocozza, Mario"]
[Black "Iannaccone, Ernesto"]
[Result "1/2-1/2"]
[WhiteElo "2201"]
[BlackElo "2339"]
[Annotator "Gabriele Ballarin"]
[PlyCount "90"]
[EventDate "1981.12.05"]
[EventType "swiss"]
[EventRounds "2"]
[EventCountry "ITA"]

1. e4 e5 2. Nf3 Nf6 3. Nxe5 d6 4. Nf3 Nxe4 5. Qe2 Qe7 6. d3 Nf6 7. Bg5 Qxe2+ 8. Bxe2 Be7 9. Nc3 Nbd7 10. d4 c6 11. O-O-O Kd8 12. h3 Re8 13. Bf4 Nb6 14. Rhe1 h6 15. Nd2 g5 16. Bh2 Bf5 17. Bf3 Kd7 18. Nf1 d5 19. Ne3 Bg6 20. Bg4+ Nxg4 21. Nxg4 f6 22. Nxh6 f5 23. f4 Bf6 24. Rxe8 Rxe8 25. g4 Rh8 26. gxf5 Bh5 27. Rg1 gxf4 28. Bxf4 Bxd4 29. Rg8 Rxg8 30. Nxg8 Ke8 31. Nh6 Nd7 32. Ng4 Nf6 33. Ne2 Bxg4 34. hxg4 Bc5 35. g5 Nh5 36. Bd2 Kf7 37. Nf4 Ng3 38. Ne6 Be7 39. Nd4 c5 40. Nf3 Nxf5 41. Kd1 Kg7 42. Ne5 Bd6 43. Nf3 Kg6 44. Ke2 Ng3+ 45. Kd3 Nf5 1/2-1/2

[Event "40.C.to Italiano di Cat.Mag. Semif."]
[Site "Napoli ITA"]
[Date "1981.12.09"]
[Round "5.2"]
[White "Sibilio, Mario"]
[Black "Bruno, Fabio"]
[Result "1/2-1/2"]
[WhiteElo "2329"]
[BlackElo "2249"]
[Annotator "Gabriele Ballarin"]
[PlyCount "82"]
[EventDate "1981.12.05"]
[EventType "swiss"]
[EventRounds "2"]
[EventCountry "ITA"]

1. d4 Nf6 2. Nf3 e6 3. g3 c5 4. dxc5 Bxc5 5. Bg2 Nc6 6. O-O O-O 7. c4 h6 8. Nc3 d5 9. cxd5 Nxd5 10. Nxd5 exd5 11. a3 a6 12. b4 Bb6 13. Bb2 Bf5 14. Qd2 Re8 15. e3 Be4 16. Rfd1 Qe7 17. Qc3 f6 18. Qb3 Kh7 19. Rd2 a5 20. bxa5 Bc5 21. Nh4 Red8 22. Rad1 Nxa5 23. Qb5 b6 24. Bxe4+ Qxe4 25. Qd3 Qxd3 26. Rxd3 Nc4 27. Bc1 g5 28. Nf5 Ne5 29. Rxd5 Rxd5 30. Rxd5 Bxa3 31. Bxa3 Rxa3 32. f4 Ra1+ 33. Kg2 Ra2+ 34. Kf1 Nf3 35. h3 h5 36. Rd7+ Kh8 37. Nd4 Nd2+ 38. Ke2 Ne4+ 39. Kf3 Nd2+ 40. Ke2 Ne4+ 41. Kf3 Nd2+ 1/2-1/2

[Event "40.C.to Italiano di Cat.Mag. Semif."]
[Site "Napoli ITA"]
[Date "1981.12.09"]
[Round "5.4"]
[White "Fumo, Guglielmo"]
[Black "Martorelli, Antonio"]
[Result "0-1"]
[WhiteElo "1960"]
[BlackElo "2286"]
[Annotator "Gabriele Ballarin"]
[PlyCount "76"]
[EventDate "1981.12.05"]
[EventType "swiss"]
[EventRounds "2"]
[EventCountry "ITA"]

1. e4 c5 2. Nf3 e6 3. d4 cxd4 4. Nxd4 a6 5. Nc3 Qc7 6. g3 Nf6 7. Bg2 Be7 8. O-O O-O 9. a4 Nc6 10. Nxc6 bxc6 11. b3 d6 12. f4 Nd7 13. Bb2 Rb8 14. a5 c5 15. Qg4 Bf6 16. Ra4 Bd4+ 17. Kh1 Nf6 18. Qg5 Bd7 19. Rxd4 cxd4 20. Nd1 h6 21. Qh4 Qc5 22. g4 Rb5 23. e5 dxe5 24. g5 hxg5 25. fxg5 Nd5 26. Be4 f5 27. Bd3 Bc6 28. Kg1 Rbb8 29. Bc1 Ne7 30. Qh5 Qd5 31. Kf2 Qg2+ 32. Ke1 Be8 33. Qh4 Ng6 34. Qg3 Qxg3+ 35. hxg3 Bb5 36. Nf2 e4 37. Be2 Rfc8 38. Bxb5 Rxb5 0-1

[Event "40.C.to Italiano di Cat.Mag. Semif."]
[Site "Napoli ITA"]
[Date "1981.12.09"]
[Round "5.5"]
[White "Vallifuoco, Giovanni"]
[Black "Ficco, Corrado"]
[Result "0-1"]
[WhiteElo "2106"]
[BlackElo "1919"]
[Annotator "Gabriele Ballarin"]
[PlyCount "74"]
[EventDate "1981.12.05"]
[EventType "swiss"]
[EventRounds "2"]
[EventCountry "ITA"]

1. d4 Nf6 2. c4 e6 3. Nf3 b6 4. a3 Bb7 5. Nc3 d5 6. cxd5 exd5 7. g3 Be7 8. Bg2 O-O 9. O-O c5 10. Bf4 Nc6 11. dxc5 bxc5 12. Ne5 Nd4 13. Nd3 Ne4 14. Nxe4 dxe4 15. Ne5 Qd5 16. e3 Nf3+ 17. Nxf3 exf3 18. Qxd5 Bxd5 19. Rfd1 Rad8 20. Bf1 Bb3 21. Rxd8 Rxd8 22. e4 g5 23. Be5 g4 24. Bc3 Bg5 25. Bb5 h5 26. h3 Kh7 27. hxg4 hxg4 28. Kf1 Kg6 29. Bc6 Bd2 30. Bd5 Bxd5 31. exd5 Bxc3 32. bxc3 Rxd5 33. Ke1 Re5+ 34. Kd2 Re2+ 35. Kd3 Rxf2 36. Ke3 Re2+ 37. Kf4 f5 0-1

[Event "40.C.to Italiano di Cat.Mag. Semif."]
[Site "Napoli ITA"]
[Date "1981.12.09"]
[Round "5.6"]
[White "Castrogiovanni, Carlo"]
[Black "Palmiotto, Fiorentino"]
[Result "1-0"]
[WhiteElo "2000"]
[BlackElo "2179"]
[Annotator "Gabriele Ballarin"]
[PlyCount "61"]
[EventDate "1981.12.05"]
[EventType "swiss"]
[EventRounds "2"]
[EventCountry "ITA"]

1. d4 Nf6 2. c4 g6 3. Nc3 Bg7 4. e4 d6 5. Be2 O-O 6. Bg5 c5 7. d5 h6 8. Bf4 Kh7 9. g4 Qa5 10. Bd2 Qd8 11. h4 Rh8 12. g5 Ng8 13. h5 Bd7 14. hxg6+ fxg6 15. gxh6 Bxh6 16. Bxh6 Nxh6 17. Qd2 Kg7 18. O-O-O Qf8 19. Nh3 Na6 20. Nf4 Kh7 21. Rh2 g5 22. Nh5 Rg8 23. Rdh1 Rg6 24. Ng3 Kg8 25. Nf5 Nf7 26. Bh5 Bxf5 27. exf5 Rg7 28. Qe2 Ne5 29. Bg6 Nxg6 30. Qe6+ Qf7 31. fxg6 1-0

[Event "40.C.to Italiano di Cat.Mag. Semif."]
[Site "Napoli ITA"]
[Date "1981.12.09"]
[Round "5.7"]
[White "Blasco, Domenico"]
[Black "Lupo, Alfredo"]
[Result "1/2-1/2"]
[WhiteElo "1939"]
[BlackElo "1900"]
[Annotator "Gabriele Ballarin"]
[PlyCount "39"]
[EventDate "1981.12.05"]
[EventType "swiss"]
[EventRounds "2"]
[EventCountry "ITA"]

1. e3 e5 2. d4 exd4 3. exd4 d5 4. Bd3 Bd6 5. Qe2+ Qe7 6. c3 Bg4 7. Qxe7+ Nxe7 8. Ne2 Nd7 9. h3 Bf5 10. Bxf5 Nxf5 11. Bf4 O-O 12. Bxd6 Nxd6 13. Nd2 Rfe8 14. f3 Nf5 15. Kf2 Re7 16. Nf4 Rae8 17. Rhe1 c6 18. Rxe7 Rxe7 19. Re1 Rxe1 20. Kxe1 1/2-1/2

[Event "40.C.to Italiano di Cat.Mag. Semif."]
[Site "Napoli ITA"]
[Date "1981.12.10"]
[Round "6.1"]
[White "Falchetta, Giovanni"]
[Black "Iannaccone, Ernesto"]
[Result "1/2-1/2"]
[WhiteElo "1995"]
[BlackElo "2339"]
[Annotator "Gabriele Ballarin"]
[PlyCount "22"]
[EventDate "1981.12.05"]
[EventType "swiss"]
[EventRounds "2"]
[EventCountry "ITA"]

1. e4 c6 2. d4 d5 3. Nd2 dxe4 4. Nxe4 Nf6 5. Ng3 g6 6. h3 Bg7 7. Nf3 O-O 8. Bc4 b6 9. O-O Nbd7 10. Re1 Bb7 11. Qe2 e6 1/2-1/2

[Event "40.C.to Italiano di Cat.Mag. Semif."]
[Site "Napoli ITA"]
[Date "1981.12.10"]
[Round "6.2"]
[White "Ficco, Corrado"]
[Black "Bruno, Fabio"]
[Result "0-1"]
[WhiteElo "1919"]
[BlackElo "2249"]
[Annotator "Gabriele Ballarin"]
[PlyCount "74"]
[EventDate "1981.12.05"]
[EventType "swiss"]
[EventRounds "2"]
[EventCountry "ITA"]

1. e4 c5 2. Nf3 e6 3. d4 cxd4 4. Nxd4 Nc6 5. Nc3 a6 6. Be2 Nge7 7. Nb3 b5 8. O-O Na5 9. Nxa5 Qxa5 10. Bf3 Bb7 11. Re1 Qc7 12. a4 b4 13. Ne2 Rc8 14. c3 Nc6 15. Bf4 Ne5 16. Rc1 Bc6 17. Kh1 Qa5 18. Bxe5 Qxe5 19. Qd4 Bd6 20. Qxe5 Bxe5 21. cxb4 Ke7 22. Nc3 Rb8 23. b5 axb5 24. axb5 Bxb5 25. g3 Bc6 26. Rc2 Rxb2 27. Rxb2 Bxc3 28. Reb1 Bxb2 29. Rxb2 Ra8 30. Kg2 Ra3 31. Re2 f5 32. h3 h5 33. Bxh5 Bxe4+ 34. f3 Bc6 35. Kf2 Kf6 36. Re3 Ra2+ 37. Re2 Rxe2+ 0-1

[Event "40.C.to Italiano di Cat.Mag. Semif."]
[Site "Napoli ITA"]
[Date "1981.12.10"]
[Round "6.3"]
[White "Martorelli, Antonio"]
[Black "Cocozza, Mario"]
[Result "1/2-1/2"]
[WhiteElo "2286"]
[BlackElo "2201"]
[Annotator "Gabriele Ballarin"]
[PlyCount "94"]
[EventDate "1981.12.05"]
[EventType "swiss"]
[EventRounds "2"]
[EventCountry "ITA"]

1. c4 e5 2. Nc3 Nf6 3. Nf3 Nc6 4. d4 exd4 5. Nxd4 Bb4 6. Bg5 h6 7. Bh4 O-O 8. Nxc6 bxc6 9. Qb3 Be7 10. e3 d6 11. Be2 Bf5 12. Qa4 Ne4 13. Bxe7 Qxe7 14. Qa5 Nxc3 15. Qxc3 c5 16. Bf3 Rab8 17. O-O Be4 18. Bxe4 Qxe4 19. b3 Rfe8 20. Qa5 Qc6 21. Rfe1 Qb6 22. Qc3 a5 23. e4 a4 24. bxa4 Qc6 25. e5 Qxa4 26. exd6 cxd6 27. Qd3 Rxe1+ 28. Rxe1 Ra8 29. Re2 Qc6 30. h3 g6 31. Rd2 Ra4 32. Rb2 Rb4 33. Re2 Ra4 34. a3 Ra8 35. Re7 Rd8 36. Qe3 h5 37. Qg5 Rf8 38. f4 Qa4 39. f5 Qd1+ 40. Kh2 Qd3 41. fxg6 Qxg6 42. Qxg6+ fxg6 43. Re6 Kg7 44. Rxd6 Rf4 45. a4 Rxc4 46. a5 Ra4 47. a6 c4 1/2-1/2

[Event "40.C.to Italiano di Cat.Mag. Semif."]
[Site "Napoli ITA"]
[Date "1981.12.10"]
[Round "6.4"]
[White "Castrogiovanni, Carlo"]
[Black "Sibilio, Mario"]
[Result "0-1"]
[WhiteElo "2000"]
[BlackElo "2329"]
[Annotator "Gabriele Ballarin"]
[PlyCount "74"]
[EventDate "1981.12.05"]
[EventType "swiss"]
[EventRounds "2"]
[EventCountry "ITA"]

1. d4 g6 2. c4 Bg7 3. Nc3 d6 4. e4 Nc6 5. Be3 e5 6. d5 Nce7 7. Bd3 f5 8. f3 Nf6 9. Nge2 O-O 10. Rc1 c5 11. h3 f4 12. Bf2 g5 13. a3 Ng6 14. b4 b6 15. bxc5 bxc5 16. Rb1 h5 17. Kd2 Ne8 18. Qb3 g4 19. hxg4 hxg4 20. fxg4 Nf6 21. Ng1 Nxg4 22. Rf1 Ne3 23. Rb1 Ng4 24. Rf1 Bd7 25. Nf3 Rb8 26. Qa2 Qa5 27. Bh4 Ne3 28. Rb1 Nxh4 29. Nxh4 f3 30. Rxb8 Rxb8 31. Nxf3 Nxg2 32. Rh2 Nf4 33. Rh1 Bg4 34. Nh4 Qd8 35. Qa1 Qg5 36. Kc2 Bh6 37. Qe1 Rb2+ 0-1

[Event "40.C.to Italiano di Cat.Mag. Semif."]
[Site "Napoli ITA"]
[Date "1981.12.10"]
[Round "6.5"]
[White "Lagumina, Giulio"]
[Black "Blasco, Domenico"]
[Result "1/2-1/2"]
[WhiteElo "2138"]
[BlackElo "1939"]
[Annotator "Gabriele Ballarin"]
[PlyCount "81"]
[EventDate "1981.12.05"]
[EventType "swiss"]
[EventRounds "2"]
[EventCountry "ITA"]

1. e4 e6 2. d4 b6 3. Bd3 Bb7 4. Nf3 c5 5. c3 Nf6 6. Qe2 d6 7. O-O Be7 8. Nbd2 O-O 9. e5 Nh5 10. Ne4 g6 11. Bh6 Re8 12. exd6 Bxd6 13. Ne5 Bf8 14. Qe3 f5 15. Bg5 Qd5 16. f3 cxd4 17. cxd4 Nc6 18. Nxc6 Bxc6 19. Nc3 Qd7 20. Kh1 Bg7 21. Ne2 Bf6 22. Bc4 Bxg5 23. Qxg5 Bd5 24. Bd3 Qd8 25. Qe3 Rc8 26. Nc3 Bc4 27. Rad1 Bxd3 28. Rxd3 Qh4 29. Re1 Qf4 30. d5 exd5 31. Qxe8+ Rxe8 32. Rxe8+ Kf7 33. Rde3 Qd6 34. Nb5 Qd7 35. a4 d4 36. R3e7+ Qxe7 37. Rxe7+ Kxe7 38. Nxd4 a6 39. Kg1 Kd6 40. Kf2 Kd5 41. Ke3 1/2-1/2

[Event "40.C.to Italiano di Cat.Mag. Semif."]
[Site "Napoli ITA"]
[Date "1981.12.10"]
[Round "6.7"]
[White "Favale, Paolo"]
[Black "Fumo, Guglielmo"]
[Result "0-1"]
[WhiteElo "1900"]
[BlackElo "1960"]
[Annotator "Gabriele Ballarin"]
[PlyCount "76"]
[EventDate "1981.12.05"]
[EventType "swiss"]
[EventRounds "2"]
[EventCountry "ITA"]

1. e4 e5 2. Nf3 Nc6 3. Bb5 f5 4. d4 fxe4 5. Nxe5 Nxe5 6. dxe5 c6 7. Be2 Qa5+ 8. Bd2 Qxe5 9. Bh5+ Kd8 10. c4 Nf6 11. Be2 Bd6 12. Nc3 Bc7 13. Qb3 Ke7 14. O-O-O Rd8 15. Rhe1 d5 16. f4 Qe6 17. cxd5 cxd5 18. Nb5 Bb6 19. Bb4+ Kf7 20. Nd4 Bxd4 21. Rxd4 Qb6 22. Qe3 a5 23. Bc3 Qc5 24. Kb1 b5 25. Rc1 Qb6 26. b3 a4 27. Bd1 Bg4 28. Bc2 Be6 29. h3 h5 30. Qg3 Rdc8 31. Bb2 a3 32. Ba1 Ra7 33. Rcd1 Rac7 34. R4d2 Bf5 35. Bd4 Qa5 36. Qe3 Rc6 37. Kc1 Qc7 38. Kb1 Rxc2 0-1

[Event "40.C.to Italiano di Cat.Mag. Semif."]
[Site "Napoli ITA"]
[Date "1981.12.10"]
[Round "6.8"]
[White "Palmiotto, Fiorentino"]
[Black "Lupo, Alfredo"]
[Result "1-0"]
[WhiteElo "2179"]
[BlackElo "1900"]
[Annotator "Gabriele Ballarin"]
[PlyCount "57"]
[EventDate "1981.12.05"]
[EventType "swiss"]
[EventRounds "2"]
[EventCountry "ITA"]

1. d4 d5 2. Bf4 Bf5 3. e3 e6 4. Bd3 Bxd3 5. Qxd3 c6 6. Nf3 Bd6 7. Bg3 Nf6 8. Nbd2 Qc7 9. Bxd6 Qxd6 10. Ne5 Nbd7 11. f4 a6 12. O-O c5 13. c4 O-O 14. Rf3 Rad8 15. Rh3 g6 16. g4 cxd4 17. exd4 b6 18. Rd1 Kg7 19. Qe3 Ng8 20. Ndf3 f6 21. Nxd7 Rxd7 22. c5 Qc6 23. g5 Ne7 24. gxf6+ Rxf6 25. Ne5 Qc7 26. Nxd7 Qxd7 27. Qe5 h5 28. cxb6 Qb5 29. Rb3 1-0

[Event "40.C.to Italiano di Cat.Mag. Semif."]
[Site "Napoli ITA"]
[Date "1981.12.11"]
[Round "7.1"]
[White "Bruno, Fabio"]
[Black "Falchetta, Giovanni"]
[Result "1/2-1/2"]
[WhiteElo "2249"]
[BlackElo "1995"]
[Annotator "Gabriele Ballarin"]
[PlyCount "92"]
[EventDate "1981.12.05"]
[EventType "swiss"]
[EventRounds "2"]
[EventCountry "ITA"]

1. c4 e5 2. Nc3 Nc6 3. g3 g6 4. Bg2 Bg7 5. Rb1 a5 6. a3 d6 7. b4 axb4 8. axb4 Nf6 9. b5 Ne7 10. d3 c6 11. Nf3 O-O 12. O-O h6 13. Bd2 Be6 14. Qc1 Kh7 15. bxc6 bxc6 16. c5 Nfd5 17. Ne4 dxc5 18. Qxc5 Qd7 19. Rfd1 Bg4 20. Nd6 Qe6 21. Nc4 Rfd8 22. Rb7 Nf5 23. e4 Bxf3 24. Bxf3 Nd4 25. Bg2 Bf8 26. exd5 cxd5 27. Qc7 dxc4 28. dxc4 Rac8 29. Qxf7+ Qxf7 30. Rxf7+ Kg8 31. Bd5 Rxd5 32. Rxf8+ Rxf8 33. cxd5 Rd8 34. Bxh6 Rxd5 35. Kg2 Kf7 36. Be3 Ke6 37. Ra1 Rd6 38. Ra5 Nc2 39. Bc5 Rd1 40. Ra6+ Kf5 41. Be7 e4 42. h4 Ne1+ 43. Kh3 Nf3 44. Rf6+ Ke5 45. Rxg6 Rf1 46. Bc5 Kf5 1/2-1/2

[Event "40.C.to Italiano di Cat.Mag. Semif."]
[Site "Napoli ITA"]
[Date "1981.12.11"]
[Round "7.3"]
[White "Sibilio, Mario"]
[Black "Cocozza, Mario"]
[Result "0-1"]
[WhiteElo "2329"]
[BlackElo "2201"]
[Annotator "Gabriele Ballarin"]
[PlyCount "124"]
[EventDate "1981.12.05"]
[EventType "swiss"]
[EventRounds "2"]
[EventCountry "ITA"]

1. b3 Nf6 2. Bb2 g6 3. e4 d6 4. g3 Bg7 5. Bg2 O-O 6. Ne2 e5 7. O-O c5 8. d3 Nc6 9. Nbc3 Rb8 10. Qd2 Be6 11. Nd5 Ne8 12. f4 Qd7 13. Rae1 f5 14. c3 fxe4 15. dxe4 Nc7 16. Nc1 Ne7 17. Nd3 Ncxd5 18. exd5 Bxd5 19. Bxd5+ Nxd5 20. Qg2 Qc6 21. fxe5 c4 22. bxc4 Qxc4 23. Qe4 Rxf1+ 24. Kxf1 Qxe4 25. Rxe4 dxe5 26. c4 Nb6 27. c5 Nd7 28. Ra4 a6 29. Ba3 Rc8 30. Rb4 Rc7 31. Re4 Kf7 32. Ke2 Ke6 33. Nf4+ Kf5 34. Nd5 Rxc5 35. Bxc5 Kxe4 36. Nc3+ Kf5 37. Be3 Ke6 38. Ne4 Kd5 39. Kd3 b6 40. Nc3+ Ke6 41. a4 Nc5+ 42. Bxc5 bxc5 43. Kc4 Bf8 44. g4 Kd6 45. Ne4+ Kc6 46. Ng5 Be7 47. Ne4 Kb6 48. Nc3 Bf8 49. Kd5 Ka5 50. Kc4 e4 51. Nxe4 Kxa4 52. Nf6 Be7 53. Nxh7 g5 54. h4 gxh4 55. g5 Bd6 56. g6 Be5 57. Ng5 Bh8 58. Ne6 h3 59. Nxc5+ Ka3 60. Ne4 h2 61. Nf2 a5 62. Kd3 Kb3 0-1

[Event "40.C.to Italiano di Cat.Mag. Semif."]
[Site "Napoli ITA"]
[Date "1981.12.11"]
[Round "7.4"]
[White "Fumo, Guglielmo"]
[Black "Lagumina, Giulio"]
[Result "0-1"]
[WhiteElo "1960"]
[BlackElo "2138"]
[Annotator "Gabriele Ballarin"]
[PlyCount "74"]
[EventDate "1981.12.05"]
[EventType "swiss"]
[EventRounds "2"]
[EventCountry "ITA"]

1. e4 e5 2. Nf3 Nc6 3. d4 exd4 4. Nxd4 Bc5 5. Nb3 Bb6 6. a4 a6 7. Nc3 Nge7 8. Bg5 f6 9. Bh4 O-O 10. Qd2 d6 11. O-O-O Be6 12. Nd5 Ba7 13. f4 Kh8 14. Be2 Bxd5 15. exd5 Nf5 16. Qe1 Nce7 17. Bd3 Ne3 18. Rd2 N7xd5 19. Qg3 Qd7 20. Be4 c6 21. Qf3 f5 22. Bxd5 Nxd5 23. Kb1 Rae8 24. c4 Nf6 25. Bxf6 Rxf6 26. c5 d5 27. a5 Rfe6 28. Rd3 Re4 29. g3 Qe7 30. Rc1 g6 31. h4 Re3 32. Qd1 Qe4 33. Kc2 Rxg3 34. h5 Qc4+ 35. Rc3 Rxc3+ 36. bxc3 Re2+ 37. Kb1 Qe4+ 0-1

[Event "40.C.to Italiano di Cat.Mag. Semif."]
[Site "Napoli ITA"]
[Date "1981.12.11"]
[Round "7.5"]
[White "Palmiotto, Fiorentino"]
[Black "Ficco, Corrado"]
[Result "1/2-1/2"]
[WhiteElo "2179"]
[BlackElo "1919"]
[Annotator "Gabriele Ballarin"]
[PlyCount "63"]
[EventDate "1981.12.05"]
[EventType "swiss"]
[EventRounds "2"]
[EventCountry "ITA"]

1. e4 c6 2. d4 d5 3. Nc3 dxe4 4. Nxe4 Nf6 5. Nxf6+ exf6 6. Be3 Bd6 7. Bd3 Qc7 8. h3 Nd7 9. Nf3 O-O 10. O-O Re8 11. c3 Nf8 12. Qc2 Bf4 13. Rae1 Bd7 14. Bf5 Be6 15. Bxe6 Rxe6 16. Bxf4 Qxf4 17. Rxe6 fxe6 18. Re1 Rd8 19. c4 Qd6 20. Qa4 a6 21. c5 Qd5 22. Qb4 Rd7 23. b3 Ng6 24. Qc3 Kf7 25. h4 h5 26. Qc2 Ne7 27. Qe4 Qxe4 28. Rxe4 Nd5 29. Re2 Nc3 30. Rc2 Nb5 31. Rc4 Ke7 32. Kf1 1/2-1/2

[Event "40.C.to Italiano di Cat.Mag. Semif."]
[Site "Napoli ITA"]
[Date "1981.12.11"]
[Round "7.6"]
[White "Vallifuoco, Giovanni"]
[Black "Castrogiovanni, Carlo"]
[Result "1-0"]
[WhiteElo "2106"]
[BlackElo "2000"]
[Annotator "Gabriele Ballarin"]
[PlyCount "85"]
[EventDate "1981.12.05"]
[EventType "swiss"]
[EventRounds "2"]
[EventCountry "ITA"]

1. d4 Nf6 2. c4 e6 3. Nc3 Bb4 4. a3 Bxc3+ 5. bxc3 c5 6. e3 O-O 7. Bd3 cxd4 8. cxd4 b6 9. Ne2 Bb7 10. f3 d5 11. cxd5 exd5 12. O-O Re8 13. Ng3 Nbd7 14. Ra2 Rc8 15. Re2 Nf8 16. Bb2 Ne6 17. Qd2 Qc7 18. Rd1 a6 19. Ree1 b5 20. e4 Qf4 21. Qf2 dxe4 22. fxe4 Qxf2+ 23. Kxf2 Ng5 24. d5 Ng4+ 25. Kg1 f6 26. Nf5 Nf7 27. a4 g6 28. d6 Rcd8 29. Ne7+ Kg7 30. axb5 Rxd6 31. bxa6 Bxa6 32. Bxa6 Rxa6 33. Nd5 Nge5 34. Nc7 Rae6 35. Bxe5 Rxe5 36. Nxe8+ Rxe8 37. Rd7 Kg8 38. Rb1 Ne5 39. Rc7 Nd3 40. Rbb7 Ra8 41. h3 Re8 42. Rg7+ Kf8 43. Rbf7# 1-0

[Event "40.C.to Italiano di Cat.Mag. Semif."]
[Site "Napoli ITA"]
[Date "1981.12.11"]
[Round "7.7"]
[White "Blasco, Domenico"]
[Black "Crispino, Giuseppe"]
[Result "1-0"]
[WhiteElo "1939"]
[BlackElo "2076"]
[Annotator "Gabriele Ballarin"]
[PlyCount "47"]
[EventDate "1981.12.05"]
[EventType "swiss"]
[EventRounds "2"]
[EventCountry "ITA"]

1. b3 Nf6 2. Bb2 g6 3. e3 Bg7 4. f4 d6 5. Nf3 O-O 6. Bd3 e5 7. fxe5 Ng4 8. O-O Nc6 9. Nc3 Ncxe5 10. Nxe5 Bxe5 11. h3 Qh4 12. Qe1 Bh2+ 13. Kh1 Bg3 14. Qe2 Nf2+ 15. Rxf2 Bxf2 16. Ne4 Bg3 17. Bf6 Qh6 18. Nxg3 Re8 19. Ne4 d5 20. Bg5 Qg7 21. Nf6+ Kf8 22. Qf1 Re5 23. Qf4 Rxg5 24. Qb4+ 1-0

[Event "40.C.to Italiano di Cat.Mag. Semif."]
[Site "Napoli ITA"]
[Date "1981.12.12"]
[Round "8.1"]
[White "Lagumina, Giulio"]
[Black "Bruno, Fabio"]
[Result "1/2-1/2"]
[WhiteElo "2138"]
[BlackElo "2249"]
[Annotator "Gabriele Ballarin"]
[PlyCount "29"]
[EventDate "1981.12.05"]
[EventType "swiss"]
[EventRounds "2"]
[EventCountry "ITA"]

1. e4 c5 2. Nc3 Nc6 3. g3 g6 4. Bg2 Bg7 5. d3 e6 6. f4 d6 7. Nf3 Nge7 8. O-O O-O 9. Be3 b6 10. Qd2 Ba6 11. Rfe1 Rc8 12. Rad1 Qc7 13. Qf2 Rfd8 14. d4 cxd4 15. Nxd4 1/2-1/2

[Event "40.C.to Italiano di Cat.Mag. Semif."]
[Site "Napoli ITA"]
[Date "1981.12.12"]
[Round "8.2"]
[White "Iannaccone, Ernesto"]
[Black "Vallifuoco, Giovanni"]
[Result "0-1"]
[WhiteElo "2339"]
[BlackElo "2106"]
[Annotator "Gabriele Ballarin"]
[PlyCount "108"]
[EventDate "1981.12.05"]
[EventType "swiss"]
[EventRounds "2"]
[EventCountry "ITA"]

1. d4 Nf6 2. c4 g6 3. Nf3 Bg7 4. g3 O-O 5. Bg2 d6 6. O-O Nbd7 7. Nc3 e5 8. e4 c6 9. h3 exd4 10. Nxd4 Re8 11. Bf4 Nc5 12. Re1 Nh5 13. Be3 a5 14. Qc2 a4 15. Rab1 Qa5 16. Kh2 Ne6 17. Nce2 f5 18. Nxe6 Bxe6 19. Nf4 Nxf4 20. Bxf4 Qc5 21. Rbc1 fxe4 22. Bxe4 Qh5 23. Bxd6 Bxh3 24. Kg1 Re6 25. Bb4 Rae8 26. Bg2 Bxg2 27. Kxg2 Re2 28. Rxe2 Qxe2 29. b3 Bh6 30. Qxe2 Rxe2 31. Rh1 Bg7 32. bxa4 Rxa2 33. Rd1 Bf6 34. Rd7 b6 35. c5 Rxa4 36. Rd6 Be7 37. Rd7 bxc5 38. Bd2 Kf8 39. Rc7 Ra6 40. Kf3 Ke8 41. Ke4 Kd8 42. Rb7 Ra4+ 43. Ke5 Rd4 44. Bf4 Bd6+ 45. Ke6 Bxf4 46. gxf4 c4 47. Ke5 Rd7 48. Rb4 Kc7 49. Rxc4 Kb6 50. Kf6 c5 51. f5 Rd4 52. Rc2 Rf4 53. Kg7 gxf5 54. Kxh7 c4 0-1

[Event "40.C.to Italiano di Cat.Mag. Semif."]
[Site "Napoli ITA"]
[Date "1981.12.12"]
[Round "8.3"]
[White "Cocozza, Mario"]
[Black "Blasco, Domenico"]
[Result "1-0"]
[WhiteElo "2201"]
[BlackElo "1939"]
[Annotator "Gabriele Ballarin"]
[PlyCount "53"]
[EventDate "1981.12.05"]
[EventType "swiss"]
[EventRounds "2"]
[EventCountry "ITA"]

1. e4 e6 2. d4 b6 3. Bd3 Bb7 4. Nf3 c5 5. c3 Nf6 6. Nbd2 d6 7. O-O g6 8. Re1 Bg7 9. Nf1 O-O 10. Ng3 Nc6 11. h3 e5 12. d5 Ne7 13. c4 Ne8 14. h4 Bc8 15. h5 f5 16. h6 Bh8 17. exf5 gxf5 18. Nh4 e4 19. Bc2 Be5 20. Ne2 Kh8 21. Nf4 Nxd5 22. Nhg6+ hxg6 23. Nxg6+ Kg8 24. Qxd5+ Kh7 25. Nxf8+ Kh8 26. Ng6+ Kh7 27. Nxe5 1-0